Most hated school subjects - Statistics

General Stats
  • This quiz has been taken 484 times
  • The average score is 6 of 10
Answer Stats
Hint Answer % Correct
1 Math
99%
7 English
93%
9 History
85%
10 Science
79%
4 Physical Education
68%
8 Geography
54%
5 Spanish
54%
2 Physics
51%
3 Algebra
27%
6 Geometry
21%
No matching quizzes found
Score Distribution
Percent of People with Each Score
Percentile by Number Answered
Your Score History
You have not taken this quiz